| 000 | 01647nam a22003137a 4500 | ||
|---|---|---|---|
| 005 | 20200104041734.0 | ||
| 008 | 151109t2015 ck ||||fr||||f00| 0 spa d | ||
| 020 | _a9789588889313 | ||
| 040 |
_aCO-BoIAVH _cCO-BoIAVH |
||
| 041 | 0 | _aspa | |
| 044 | _ack | ||
| 082 | 0 | 4 |
_a581.620986 _bC91h |
| 245 | 1 | 0 |
_aHerramienta para la gestión de áreas afectadas por invasiones biológicas en Colombia / _cEditores: Juliana Cárdenas-Toro, María Piedad Baptiste E., Wilson Ramírez, Mauricio Aguilar Garavito |
| 260 |
_aBogotá (Colombia) : _bInstituto de Investigación de Recursos Biológicos Alexander von Humboldt, _c2015. |
||
| 300 |
_a154 páginas : _btablas, ilustraciones y fotografías a color ; _c23 centímetros. |
||
| 505 | _aPrimera parte: Introducción y conceptos empleados. Segunda parte: Diagnóstico sobre la gestión integral de especies con potencial invasor en Colombia. Tercera parte: Estudios de caso sobre restauración ecológica de áreas afectadas por especies invasoras. | ||
| 650 | 0 | 4 |
_aEspecies invasoras _zColombia |
| 650 | 0 | 4 | _aRestauración ecológica |
| 650 | 0 | 4 | _aServicios ecosistémicos |
| 650 | 0 | 4 | _aPérdida de biodiversidad |
| 650 | 0 | 4 |
_aInvasiones biológicas _xgestión |
| 650 | 0 | 4 |
_aEspecies invasoras _xnormatividad _zColombia |
| 700 | 1 |
_aCárdenas-Toro, Juliana. _eEditora |
|
| 700 | 1 |
_aBaptiste, María Piedad _eEditora |
|
| 700 | 1 |
_aAguilar-Garavito, Mauricio _eEditor |
|
| 710 | 2 | _aInstituto de Investigación de Recursos Biológicos Alexander von Humboldt. | |
| 700 | 1 |
_aRamírez, Wilson _eEditor |
|
| 942 |
_2ddc _cLIBRO _01 |
||
| 999 |
_c17854 _d17854 |
||